01266 a2200265 4500003000500000005001700005010001700022020001500039040000900054082001500063100002400078245011000102250001200212260005500224300003300279505037800312650001900690650004300709650002600752700003300778700003400811942001200845999001900857952012400876Nust20221129135540.0 a 2001021253 a0130200719 cNust a519.2, STA1 aStark, Henry96591810aProbability and random processes with applications to signal processing /cHenry Stark and John W. Woods. a3rd ed. aUpper Saddle River, N.J. :bPrentice Hall,cc2002. axv, 689 p. :bill. ;c24 cm. aIntroduction to Probability (Page-1), Random Variables (Page-58), Functions of Research Variables (Page-115), Expectation and Introduction to Estimation (Page-169), Random Vectors and Parameter Estimation (Page-244), Random Sequences (Page-304), Random Process (Page-401), Advanced Topics in Random Processes (Page-487), Applications to Statistical Processing (Page-552).  0aProbabilities. 0aSignal processingxMathematics.994002 0aStochastic processes.1 aStark, Henry,d1938-91037751 aWoods, John W.d1943-9103776 2ddccBK c208641d208641 00102ddc4070aMCSbMCScGENd2016-12-12o519.2, STApMCS37053r2016-12-08w2016-12-12yBKzAlmirah No.14, Shelf No.3